000 00608cam a2200229 i 4500
001 327335
005 20180131051445.0
008 750723s1975 maua b 001 0 eng
010 _a 75018348
020 _a0669001341
040 _aDLC
_cDLC
_dDLC
041 _aeng
043 _as-bl---
080 _a330.98106 HYM
082 0 0 _a330.98106 HYM
100 1 _a52
101 _aECO
245 1 0 _aBrazil, a study in development progress /
_cStefan H. Robock.
504 _aIncludes bibliographical references and index.
906 _a7
_bcbc
_corignew
_d1
_eocip
_f19
_gy-gencatlg
942 _2ddc
_cBK
999 _c41369
_d41369